| 000 | 00345nam a22001337a 4500 | ||
|---|---|---|---|
| 999 |
_c17126 _d17126 |
||
| 008 | 180809b xxu||||| |||| 00| 0 eng d | ||
| 020 | _a1861264283 | ||
| 050 |
_aTT220 _b.P38 2001 c.1 |
||
| 100 | _aParkinson, Peter | ||
| 245 |
_aThe Artist Blacksmith _bDesign and Techniques |
||
| 300 | _a160p. | ||
| 650 | _aBlacksmithing | ||
| 942 |
_2lcc _cBK |
||